Základné makroekonomické rámce regionálnej politiky v ekonomike Slovenska
Gespeichert in:
| 1. Verfasser: | |
|---|---|
| Format: | Buchkapitel |
| Sprache: | Slowakisch |
| Tags: |
Keine Tags, Fügen Sie das erste Tag hinzu!
|
MARC
| LEADER | 00000naa a2200000 4500 | ||
|---|---|---|---|
| 001 | 0136305 | ||
| 005 | 20240502083328.6 | ||
| 041 | 0 | |a slo | |
| 044 | |a PL | ||
| 245 | 1 | 0 | |a Základné makroekonomické rámce regionálnej politiky v ekonomike Slovenska |c Jozef Tvrdoň |
| 500 | |a v článku je nesprávne uvedené meno autora - Jozef Tvardoň | ||
| 100 | 1 | |a Tvrdoň, Jozef | |